01762nam a2200181 a 450000100080000000500110000800800410001910000140006024500680007426000320014230000140017452013100018865300200149865300150151865300220153365300130155565300120156810067621997-10-20 1986 bl uuuu u0uu1 u #d1 aPIANA, Z. aProducao de sementes de plantas forrageiras de clima temperado. aFlorianopolis: EMPASCc1986 a72p.cil. aCom o objetivo de transferir aos tecnicos e produtores tecnologias sobre a producao de sementes de forrageiras de clima temperado escreveu-se este trabalho que aborda aspectos da colheita, secagem, beneficiamento, embalagem e armazenamento. A publicacao e o resultado de uma revisao bibliografica, observacoes de tecnologias utilizadas na Alemanha Ocidental e experiencias pessoais do autor. Numa abordagem simples procura transferir ao leitor informacoes uteis sobre a producao de sementes de forrageiras. Constatacoes feitas pelo autor em 1980 indicavam que a producao de sementes de forrageiras em Santa Catarina era pouco expressiva e um dos fatores limitantes era a tecnologia de producao utilizada. A falta de conhecimentos no manejo da lavoura, uso de dessecantes, ponto de maturidade fisiologica, epoca ideal de colheita, regulagem de colheitadeiras, aspectos gerais da secagem, uso de secador estacionario, aspectos gerais do baneficiamento, embalagem e armazenamento dificultavam a producao de sementes de boa qualidade fisiologica. Pode-se afirmar que o livro "Producao de sementes de Plantas Forrageiras de Clima Temperado" aborda com clareza todos os aspectos citados e coloca nas maos do produtor brasileiro os conhecimentos e tecnologias disponiveis para obter sementes de alta qualidade. aCLIMA TEMPERADO aFORRAGEIRA aPLANTA FORRAGEIRA aPRODUCAO aSEMENTE